00506nam a2200169 a 4500008004100000020001500041050001700056100001700073245005800090250001200148260003900160300002200199350000900221650005000230650003900280700001700319120416s1996 ||||||||||||||||| || u a0748739831 aQD 251.2 Mac aHenderson, W10aIntroduction to modern inorganic chemistry. (5th ed.) a5th ed. aCheltenham:bStanley Thornesc1996 axvi, 468p. : ill. a0.00 0aCHEMISTRY, INORGANIC--HANDBOOKS, MANUALS, ETC 0aCHEMISTRY--HANDBOOKS, MANUALS, ETC aMacKay, K. M